Statistiques concernant Trouver le lieu ou se situe ces Constructions

Cliquez ici pour prendre le quiz!

Statistiques générales

  • Ce quiz a été pris 995 fois
  • Le résultat moyen est 20 sur 30

Statistiques - réponses

Réponse% Correct
Paris
100%
Londres
98%
Italie
97%
Inde
96%
New York
95%
Chine
92%
Egypte
90%
Pérou
87%
Barcelone
86%
Grèce
84%
Californie
79%
Poitiers
71%
Rio de Janeiro
68%
Belgique
67%
Ile de Pâques
66%
Jordanie
66%
Mexique
65%
Turquie
65%
Cambodge
62%
Nantes
57%
Manche
56%
Venise
53%
Vendée
52%
Malaisie
48%
Aveyron
39%
Loir-et-Cher
37%
Saint-Pétersbourg
37%
Dakota du Sud
35%
Marrakech
29%
Sydney
18%

Distribution des résultats

Percentile par nombre de réponses

% des personnes avec chaque résultat

Votre développement - résultats

Vous n’avez pas pris ce quiz